000 00580nam a2200241Ia 4500
003 OSt
005 20220912152616.0
006 a|||||r|||| 00| 0
007 ta
008 220909b |||||||| |||| 00| 0 eng d
024 _a39545
037 _cTextual
040 _aCSL
_beng
_cCSL
041 _aeng
082 _aD65:3e, J8
100 _aPlatt Sidney
245 0 _aMagnetic amplifiers: theory and application
260 _c1958
300 _ap.
_ccm.
650 _aElectronics
942 _hD65:3e, J8
_cTEXL
_2CC
999 _c89387
_d89387